Sokrates - vzorný občan, alebo rozvracač aténskej demokracie?

Bibliographic Details
Main Author: Kalaš, Andrej, 1974- (Author)
Format: Article
Language:Slovak
ISSN:0046-385X
Subjects:

MARC

LEADER 00000nab a2200000 a 4500
001 vtls009320479
003 SK-MaSNL
005 20260305035407.0
008 250507c2008 xo mr|p|||||||000 b|slo
015 |a SNBRB2008/07  |2 snkbucl 
035 |a (uuid)1199029f-f691-471f-99d8-ea3b08703fec 
035 |a urn:nbn:sk:snk-ab12zh 
035 |a (urnnbn)urn:nbn:sk:snk:ar-a03zos 
038 |a SNKBUCL 
040 |a SNKBUCL  |b slo  |c SNKBUCL  |e AACR2 
041 0 |a slo 
044 |a xo  |c SK 
080 |a 94  |x (38)  |2 2001 
080 |a 321.7  |x (38)  |2 2001 
080 |a 101.9  |x (38)  |2 2001 
100 1 |a Kalaš, Andrej,  |d 1974-  |4 aut  |9 205446 
245 1 0 |a Sokrates - vzorný občan, alebo rozvracač aténskej demokracie?  |c Andrej Kalaš 
504 |a Bibliogr. odkazy 
600 0 7 |a Sokrates,  |d 469-399 pred Kristom  |2 snkbucl  |9 133797 
650 0 7 |a klasická grécka filozofia  |2 snkbucl  |9 66922 
650 0 7 |a mestské štáty  |2 snkbucl  |9 4695 
650 0 7 |a aténska demokracia  |2 snkbucl  |9 1617951 
650 0 7 |a politické zriadenie  |2 snkbucl  |9 542614 
651 7 |a Atény (staroveký grecký štát)  |2 snkbuck  |9 119497 
773 0 |t Filozofia  |g Roč. 63, č. 1 (2008), s. 2-17  |x 0046-385X 
850 |a Slovenská národná knižnica 
852 |a Slovenská národná knižnica 
954 |a odborná, vedecká literatúra pôvodná (slovenská)  |2 lita 
958 |a article27 
958 |a OND 
958 |a SK 
958 |a NB 
958 |a GR 
958 |a EUIPO 
999 |c 3333608  |d 3335538